Gidamulikegalu jivaposhaka maragidagalu mattu aushadhiya falagalu (Record no. 107005)

MARC details
000 -LEADER
fixed length control field 00746nam a2200217Ia 4500
003 - CONTROL NUMBER IDENTIFIER
control field OSt
005 - DATE AND TIME OF LATEST TRANSACTION
control field 20251208113543.0
008 - FIXED-LENGTH DATA ELEMENTS--GENERAL INFORMATION
fixed length control field 210210b2003 xxu||||| |||| 00| 0 eng d
040 ## - CATALOGING SOURCE
Transcribing agency AL
041 ## - LANGUAGE CODE
Language code of text/sound track or separate title Kannada
082 ## - DEWEY DECIMAL CLASSIFICATION NUMBER
Classification number 581.634K ICHG
100 ## - MAIN ENTRY--PERSONAL NAME
Personal name Ichlamgodu B M
9 (RLIN) 241223
110 ## - MAIN ENTRY--CORPORATE NAME
Corporate name or jurisdiction name as entry element ಇಚ್ಲಂಗೋಡು ಬಿ ಎಂ
9 (RLIN) 248228
245 ## - TITLE STATEMENT
Title Gidamulikegalu jivaposhaka maragidagalu mattu aushadhiya falagalu
Remainder of title : ಗಿಡಮೂಲಿಕೆಗಳು ಜೀವಪೋಷಕ ಮರಗಿಡಗಳು ಮತ್ತು ಔಷಧೀಯ ಫಲಗಳು
260 ## - PUBLICATION, DISTRIBUTION, ETC.
Place of publication, distribution, etc. Mudubidire
Name of publisher, distributor, etc. Kannada Sangha
Date of publication, distribution, etc. 2003
300 ## - PHYSICAL DESCRIPTION
Extent 48p
650 ## - SUBJECT ADDED ENTRY--TOPICAL TERM
Topical term or geographic name entry element Medicinal Plants
9 (RLIN) 241224
690 ## - LOCAL SUBJECT ADDED ENTRY--TOPICAL TERM (OCLC, RLIN)
Topical term or geographic name as entry element Economic Botany
9 (RLIN) 241225
906 ## - LOCAL DATA ELEMENT F, LDF (RLIN)
a 060007
942 ## - ADDED ENTRY ELEMENTS (KOHA)
Source of classification or shelving scheme Dewey Decimal Classification
Koha item type Book
Holdings
Withdrawn status Lost status Damaged status Not for loan Collection code Home library Current library Shelving location Date acquired Source of acquisition Cost, normal purchase price Total Checkouts Full call number Barcode Date last seen Price effective from Koha item type
          St Aloysius Library St Aloysius Library   02/17/2021 Ichlangod Enterprises, Moodbidri. 20.00   581.634K ICHG 060007 02/17/2021 02/17/2021 Book